000 00925nam a22002777a 4500
003 DO-SdBNP
005 20180219134909.0
008 151026b 1992 sp a |||| 00| 0 spa d
020 _a843480820X
040 _aBPMSU
_bspa
_cBPMSU
100 _aPreussler, Otfried
240 _aDie abenteuer des starken wanja/
245 _aLas aventuras de Vania el forzudo /
_cOtfried Preussler ; traducción Manuel Olasagasti
250 _a18 ed.
260 _aMadrid :
_bSM
_c1992.
300 _a189 p.
_bil.
_g20 cm
490 0 _aEl barco de vapor
_v1
500 _aDeclarado libro de interés infantil por el Ministerio de Cultura Español 1980.
521 _aA partir de 9 años.
585 _aPremio Silberner Griffel al libro juvenil holandés.
700 1 2 _aOlasagasti, Manuel
_etrad.
830 0 _aEl barco de vapor
_gNaranja
_v1
942 _2ddc
_cBK
945 _aInventariado, 2018/ YL
956 _adaysi garcia
999 _c8454
_d8454